• 首页
  • 本馆介绍
  • 公告通知
  • 最新文献
  • 馆藏检索
  • 电子资源
  • 读者导购
  • 参考咨询
  • 我的图书馆
  • 登录
  • 详细信息显示
  • 放入我的书架
  • 预约/预借图书
  • 作者相关作品
  • 分类相关作品
  • 丛书相关作品
  • 出版社相关作品

书目信息

  • 表格格式
  • 工作单格式
  • 卡片格式
题名:
尊闻录
    
 
作者: 熊十力 著
分册:  
出版信息: 成都   四川文艺出版社  2023
页数: 172页
开本: 19cm
丛书名:
单 册:
中图分类: G795-53 , G795
科图分类:
主题词: 治学方法--文集
电子资源:
ISBN: 978-7-5411-5589-5
000 00802nam0 2200241 450
001 2362787497
005 20230924172654.54
010    @a978-7-5411-5589-5@b精装@dCNY46.00
100    @a20201225d2020 em y0chiy50 ea
101 0  @achi
102    @aCN@b510000
105    @aa z 000yy
200 1  @a尊闻录@Azun wen lu@f熊十力著
210    @a成都@c四川文艺出版社@d2023
215    @a172页@c照片@d19cm
300    @a旧书新觉 第一辑
330    @a本书由弟子高赞非、张立民记录校订先生在民国十三年秋至民国十八年秋四年间,与朋友、学生论学之语及书札,编辑成册,名为《尊闻录》自印出版,分赠好友。后入《十力语要》第四卷。
606 0  @a治学方法@j文集
690    @aG795-53@v5
690    @aG795@v4
701  0 @a熊十力@Axiong shi li@f(1885-1968)@4著
801  0 @aCN@b安徽时代@c20230923
905    @aBZT@dG795@e3
    
    尊闻录/熊十力著.-成都:四川文艺出版社,2023
    172页:照片;19cm
    旧书新觉 第一辑
    
    ISBN 978-7-5411-5589-5(精装):CNY46.00
    本书由弟子高赞非、张立民记录校订先生在民国十三年秋至民国十八年秋四年间,与朋友、学生论学之语及书札,编辑成册,名为《尊闻录》自印出版,分赠好友。后入《十力语要》第四卷。
●
相关链接 在五车中查询图书 在当当中查询图书 在豆瓣中查询图书


正题名:尊闻录     索取号:G795/3         预约/预借

序号 登录号 条形码 馆藏地/架位号 状态 备注
1 2000922913   2000922913   第四书库/四8架B面2层1列/ [索取号:G795/3] 在馆    
2 2000922914   2000922914   第四书库/四8架B面2层1列/ [索取号:G795/3] 在馆    
3 2000922915   2000922915   第四书库/四8架B面2层1列/ [索取号:G795/3] 在馆    
4 2000922916   2000922916   第四书库/四8架B面2层1列/ [索取号:G795/3] 在馆    
5 2000922917   2000922917   第四书库/四8架B面2层1列/ [索取号:G795/3] 在馆    
6 2000922918   2000922918   第四书库/四8架B面2层1列/ [索取号:G795/3] 在馆    
山东省滨州职业学院图书馆 欢迎您!
大连网信软件有限公司© 版权所有